| 000 | 00706 a2200181 4500 | ||
|---|---|---|---|
| 003 | Nust | ||
| 005 | 20221205092425.0 | ||
| 040 | _cNust | ||
| 082 | _a621.381528,PET | ||
| 100 |
_aF.R. Pettit _9104065 |
||
| 245 |
_aServicing transistor receivers / _cF.R. Pettit |
||
| 260 |
_aNorman Price _bLondon _c1963 |
||
| 300 |
_a96 p _billus _c19 cm |
||
| 505 | _aTransistors (Page-9), Transistor Receivers (Page-14), Test Equipment (Page-29), Faults and Fault Finding (Page-34), Transistor DC Tests (Page-52), Receiver Alignment and RF Tests (Page-59), Testing Transistors (Page-64), Transistor Equivalent (Page-74) | ||
| 600 |
_aF.R. Pettit _9104065 |
||
| 650 | _aTelecommunication Engineering | ||
| 942 |
_2ddc _cBK |
||
| 999 |
_c182356 _d182356 |
||